Game of Thrones Episodes by (Almost) Any Word Quiz Stats

 Plays Quiz Updated May 12, 2019

Score 0/73 Timer 08:00
0 Plays Today
Season # Title % Correct
Season 1You Win or You Die
92.3%
Season 1Winter is Coming
90.5%
Season 6The Winds of Winter
88.4%
Season 7The Dragon and the Wolf
86.2%
Season 6Battle of the Bastards
79.3%
Season 1The Wolf and the Lion
76.5%
Season 8The Long Night
75.8%
Season 4The Watchers on the Wall
74.9%
Season 5The House of Black and White
71.4%
Season 6The Red Woman
71.2%
Season 7Beyond the Wall
70.8%
Season 2The Prince of Winterfell
70.2%
Season 1Fire and Blood
68.9%
Season 4The Lion and the Rose
68.3%
Season 2The Night Lands
68.2%
Season 2What is Dead May Never Die
67.8%
Season 3Kissed by Fire
67.1%
Season 8Winterfell
66.8%
Season 6No One
66.7%
Season 3And Now His Watch Is Ended
65.8%
Season 7The Queen's Justice
62.3%
Season 1Lord Snow
57.8%
Season 8The Last of the Starks
54.9%
Season 7The Spoils of War
54.8%
Season 8A Knight of the Seven Kingdoms
53.8%
Season 5The Dance of Dragons
52.6%
Season 6Blood of My Blood
52.6%
Season 1Cripples, Bastards, and Broken Things
51.2%
Season 2A Man Without Honor
50.9%
Season 4The Mountain and the Viper
48.9%
Season 6The Broken Man
48.8%
Season 3The Rains of Castamere
48.1%
Season 5The Wars to Come
47.8%
Season 2The North Remembers
46.4%
Season 4The Laws of Gods and Men
46.1%
Season 2Blackwater
44.3%
Season 1The Pointy End
42%
Season # Title % Correct
Season 4Two Swords
41.5%
Season 4First of His Name
41%
Season 2The Old Gods and the New
41%
Season 5Hardhome
40.2%
Season 8The Bells
40.1%
Season 1A Golden Crown
39.8%
Season 1Baelor
36.2%
Season 1The Kingsroad
35%
Season 2Valar Morghulis
35%
Season 3Walk of Punishment
35%
Season 3Valar Dohaeris
34.7%
Season 5High Sparrow
34.6%
Season 3The Bear and the Maiden Fair
33%
Season 4The Children
32.6%
Season 3Dark Wings, Dark Words
31.3%
Season 7Dragonstone
30.4%
Season 5Kill the Boy
30.3%
Season 2Ghost of Harrenhal
29.8%
Season 6The Door
29.8%
Season 3Mhysa
29.1%
Season 5Mother's Mercy
27.8%
Season 3Second Sons
27.7%
Season 4Oathkeeper
26.8%
Season 5Sons of the Harpy
26.8%
Season 4Breaker of Chains
25.9%
Season 5Unbowed, Unbent, Unbroken
25.6%
Season 3The Climb
24.8%
Season 6Home
24.7%
Season 2Garden of Bones
23.3%
Season 6Oathbreaker
21.5%
Season 7Eastwatch
21.3%
Season 8The Iron Throne
20.7%
Season 7Stormborn
19.1%
Season 6Book of the Stranger
17.8%
Season 4Mockingbird
17.7%
Season 5The Gift
16.3%

You're not logged in!

Compare scores with friends on all Sporcle quizzes.
OR
Log In

Show Comments

Extras

Top Quizzes Today


Score Distribution

Your Account Isn't Verified!

In order to create a playlist on Sporcle, you need to verify the email address you used during registration. Go to your Sporcle Settings to finish the process.

Report this User

Report this user for behavior that violates our Community Guidelines.

Details: